| 000 | 00524nmm a2200157Ia 4500 | ||
|---|---|---|---|
| 008 | 251105s9999||||xx |||||||||||||||||und|| | ||
| 020 | _a9788497492331 | ||
| 041 | _aspa | ||
| 100 | _aMonge Muñoz, Miguel Ángel | ||
| 245 | 0 | _aConstrucción de un sistema observacional para el análisis de la acción de juego en voleibol | |
| 264 |
_a[Madrid, España] : _bUniversidade da Coruña, _c2007 |
||
| 300 | _a252 páginas | ||
| 650 | _aTravel & Sports | ||
| 856 | _uhttps://public.digitaliapublishing.com/a/9144 | ||
| 942 | _cCF | ||
| 999 |
_c90553 _d90553 |
||